000 00408nam a2200133Ia 4500
008 231129s1997||||xx |||||||||||||| ||spa||
020 _a958-9362-25-7
040 _bspa
082 _a371.1023 H887
245 0 _aHuellas de educacion en tecnologia: experiencias de maestros
260 _c1997
264 _aFundaciones Antonio Restrepo Barco y Corona
942 _2ddc
_cBKS
999 _c15486
_d15486